[Event "2nd Indonesia Open Chess Ch. 2012"]
[Site "Grand SahidJaya Hotel, Jakarta"]
[Date "2012.10.13"]
[Round "4.19"]
[White "Dimakiling, Oliver"]
[Black "Gunawan, Johan"]
[Result "1-0"]
[WhiteElo "2470"]
[BlackElo "2276"]
[PlyCount "93"]
[EventDate "2012.10.11"]

1. c4 Nf6 2. Nc3 e6 3. e4 c5 4. f4 Nc6 5. Nf3 d5 6. e5 d4 7. exf6 dxc3 8. fxg7
cxd2+ 9. Qxd2 Qxd2+ 10. Bxd2 Bxg7 11. O-O-O b6 12. Bd3 Bb7 13. f5 O-O-O 14. Be4
Nd4 15. Bxb7+ Kxb7 16. Ng5 Rd7 17. fxe6 fxe6 18. Rhf1 Rhd8 19. Rf2 Bh6 20. Ne4
Nc6 21. Rdf1 Bxd2+ 22. Rxd2 Ne5 23. Rxd7+ Rxd7 24. b3 Rd4 25. Nf6 h6 26. g3 a5
27. Kc2 Nc6 28. Kc1 Nb4 29. a3 Nd3+ 30. Kc2 a4 31. bxa4 Ne5 32. Re1 Nxc4 33.
Rxe6 Nxa3+ 34. Kb3 Rd3+ 35. Kb2 c4 36. Ne4 Rb3+ 37. Ka2 Kc7 38. Nd6 Rd3 39.
Rxh6 Kd7 40. g4 Nc2 41. Nxc4 Nb4+ 42. Kb2 Kc7 43. Rh7+ Kd8 44. Nxb6 Rf3 45. g5
Ke8 46. h4 Nd3+ 47. Kc2 1-0

[Event "2nd Indonesia Open Chess Ch. 2012"]
[Site "Grand SahidJaya Hotel, Jakarta"]
[Date "2012.10.13"]
[Round "4.20"]
[White "Tkachiev, Vladislav"]
[Black "Marentek, Hanny"]
[Result "1-0"]
[WhiteElo "2662"]
[BlackElo "2232"]
[PlyCount "57"]
[EventDate "2012.10.11"]

1. d4 d5 2. c4 c6 3. Nf3 Nf6 4. e3 Bg4 5. Nc3 e6 6. h3 Bh5 7. Qb3 Qc7 8. Bd2
Nbd7 9. Rc1 Qb6 10. g4 Bg6 11. Nh4 Qxb3 12. axb3 Be7 13. Nxg6 hxg6 14. Bg2 g5
15. Ke2 Rd8 16. Na4 Ne4 17. Be1 Nf8 18. cxd5 exd5 19. Bxe4 dxe4 20. Nc3 g6 21.
Nxe4 f5 22. Ng3 Rd5 23. Ra1 Rb5 24. Rxa7 Bd6 25. gxf5 Bxg3 26. Ra8+ Ke7 27.
fxg6 Rxb3 28. g7 Rxb2+ 29. Bd2 1-0

[Event "2nd Indonesia Open Chess Ch. 2012"]
[Site "Grand SahidJaya Hotel, Jakarta"]
[Date "2012.10.13"]
[Round "4.21"]
[White "Ehlvest, Jaan"]
[Black "Farid, Firman Syah"]
[Result "1-0"]
[WhiteElo "2607"]
[BlackElo "2326"]
[PlyCount "85"]
[EventDate "2012.10.11"]

1. e4 g6 2. d4 Bg7 3. Nc3 d6 4. Be3 a6 5. Qd2 b5 6. h4 h5 7. Nh3 Bb7 8. Ng5 Nd7
9. a4 b4 10. Bc4 e6 11. Ne2 Ngf6 12. f3 Rb8 13. Nf4 d5 14. Bb3 dxe4 15. Nxf7
Kxf7 16. Nxe6 Qe7 17. Nxc7+ Kf8 18. d5 Qd6 19. Ne6+ Kg8 20. O-O-O Re8 21. Bf4
Ne5 22. fxe4 Nfg4 23. a5 Bf6 24. Kb1 Rh7 25. Qe1 Bc8 26. Rf1 Rb7 27. Qg3 Bd7
28. Be3 Nc4 29. Bf4 Nce5 30. Nd4 Bb5 31. Rfe1 Kh7 32. Nf3 Kg7 33. Ng5 Kh8 34.
Rd4 Qc5 35. Rd2 Bc4 36. d6 Bxb3 37. cxb3 Rd7 38. Red1 Qxa5 39. Nf3 Qb6 40. Rd5
Qf2 41. Qxf2 Nxf2 42. Bxe5 Nxe4 43. Re1 1-0

[Event "2nd Indonesia Open Chess Ch. 2012"]
[Site "Grand SahidJaya Hotel, Jakarta"]
[Date "2012.10.13"]
[Round "4.22"]
[White "Korneev, Oleg"]
[Black "Jafar, Sofyan"]
[Result "1-0"]
[WhiteElo "2591"]
[BlackElo "2286"]
[PlyCount "68"]
[EventDate "2012.10.11"]

1. e4 e5 2. Nf3 Nc6 3. Bc4 Bc5 4. O-O Nf6 5. d3 d6 6. c3 O-O 7. Nbd2 a6 8. Bb3
b5 9. h3 Bb6 10. Re1 Be6 11. Nf1 Ne7 12. Ng3 h6 13. Nh4 d5 14. Qf3 dxe4 15.
dxe4 Qd6 16. Bxh6 gxh6 17. Qxf6 Bxb3 18. Qxd6 cxd6 19. axb3 Kh7 20. Nhf5 Nc8
21. Red1 Rd8 22. Nf1 a5 23. N1e3 Bxe3 24. Nxe3 Ne7 25. Nd5 Nc6 26. Rd3 Ra7 27.
Rad1 a4 28. bxa4 bxa4 29. Rg3 h5 30. Rdd3 f5 31. exf5 Rf8 32. f6 e4 33. Rg7+
Kh6 34. Rdg3 Ne5 1-0

[Event "2nd Indonesia Open Chess Ch. 2012"]
[Site "Grand SahidJaya Hotel, Jakarta"]
[Date "2012.10.13"]
[Round "4.23"]
[White "Pitra, Andika"]
[Black "Xu, Jun"]
[Result "0-1"]
[WhiteElo "2340"]
[BlackElo "2506"]
[PlyCount "49"]
[EventDate "2012.10.11"]

1. e4 c5 2. Nf3 d6 3. d4 cxd4 4. Nxd4 Nf6 5. Nc3 a6 6. Be2 e6 7. O-O Be7 8. f4
Qc7 9. Be3 O-O 10. Qe1 b5 11. a3 Bb7 12. Bf3 Nbd7 13. Rd1 Rfe8 14. Kh1 Rac8 15.
Qg3 Nc5 16. e5 Nfe4 17. Nxe4 Nxe4 18. Bxe4 Bxe4 19. f5 dxe5 20. fxe6 f6 21. Bh6
Bg6 22. Nf5 gxh6 23. c3 Kh8 24. Nxh6 Qc4 25. Qh3 0-1

[Event "2nd Indonesia Open Chess Ch. 2012"]
[Site "Grand SahidJaya Hotel, Jakarta"]
[Date "2012.10.13"]
[Round "4.24"]
[White "Tirto"]
[Black "Torre, Eugenio"]
[Result "1-0"]
[WhiteElo "2322"]
[BlackElo "2500"]
[PlyCount "91"]
[EventDate "2012.10.11"]

1. e4 e5 2. Nf3 Nc6 3. Bb5 a6 4. Ba4 Nf6 5. O-O Nxe4 6. d4 b5 7. Bb3 d5 8. dxe5
Be6 9. Nbd2 Nc5 10. c3 Nxb3 11. Nxb3 Be7 12. Nfd4 Nxd4 13. cxd4 a5 14. Qc2 Qd7
15. Bd2 Bf5 16. Qc1 a4 17. Nc5 Qc6 18. Qc3 O-O 19. Rfc1 Qg6 20. Qg3 Qxg3 21.
hxg3 Rfc8 22. f3 h5 23. Bb4 Bxc5 24. Rxc5 c6 25. Rac1 Bd7 26. Kf2 Kh7 27. Rh1
Kg6 28. Rcc1 f6 29. Bd6 fxe5 30. Bxe5 Rf8 31. Rh4 Be8 32. g4 Kg5 33. Rch1 g6
34. f4+ Kh6 35. gxh5 gxh5 36. g4 Kh7 37. Rxh5+ Bxh5 38. Rxh5+ Kg8 39. f5 Rac8
40. Ke3 Rfe8 41. g5 Rxe5+ 42. dxe5 c5 43. g6 d4+ 44. Ke4 c4 45. f6 c3 46. bxc3
1-0

[Event "2nd Indonesia Open Chess Ch. 2012"]
[Site "Grand SahidJaya Hotel, Jakarta"]
[Date "2012.10.13"]
[Round "4.25"]
[White "Kaisar, Jenius Hakiki"]
[Black "Shyam, Sundar M"]
[Result "0-1"]
[WhiteElo "2285"]
[BlackElo "2494"]
[PlyCount "98"]
[EventDate "2012.10.11"]

1. e4 c5 2. Nf3 d6 3. d4 cxd4 4. Nxd4 Nf6 5. f3 e5 6. Bb5+ Nbd7 7. Nf5 d5 8.
exd5 a6 9. Bxd7+ Qxd7 10. Ne3 b5 11. c4 Bb7 12. Nc3 Rc8 13. Qe2 Bc5 14. cxb5
axb5 15. O-O Nxd5 16. Rd1 Nxc3 17. bxc3 Qc6 18. Rb1 Ba6 19. Kh1 O-O 20. Nd5
Rcd8 21. Nb4 Bxb4 22. cxb4 Qc4 23. Qe1 Rxd1 24. Qxd1 Qxa2 25. Rb3 Bb7 26. Be3
Qa8 27. h3 h6 28. Bc5 Re8 29. Re3 Bd5 30. Qe2 Bc4 31. Qe1 f6 32. f4 e4 33. Bd4
Qd5 34. Qc3 Qf5 35. Rg3 Kh7 36. Be3 Rd8 37. Qa1 Rd7 38. Qa8 Be2 39. Qb8 h5 40.
Bc5 h4 41. Ra3 Bf3 42. Kg1 Rd1+ 43. Kf2 Rd2+ 44. Ke3 Re2+ 45. Kd4 Qd7+ 46. Bd6
Rd2+ 47. Kc5 Rc2+ 48. Kd4 Rc8 49. Ra7 Qc6 0-1

[Event "2nd Indonesia Open Chess Ch. 2012"]
[Site "Grand SahidJaya Hotel, Jakarta"]
[Date "2012.10.13"]
[Round "4.26"]
[White "Wan, Yunguo"]
[Black "Sihite, Chelsie Monica"]
[Result "1-0"]
[WhiteElo "2477"]
[BlackElo "2254"]
[PlyCount "47"]
[EventDate "2012.10.11"]

1. e4 e5 2. Nf3 Nc6 3. Bc4 Bc5 4. b4 Bxb4 5. c3 Ba5 6. d4 exd4 7. O-O Nf6 8.
Ba3 d6 9. e5 dxc3 10. exf6 Qxf6 11. Re1+ Be6 12. Qb3 Kd7 13. Bxe6+ fxe6 14. Re3
g5 15. Nxc3 Bb6 16. Ree1 g4 17. Ne4 Qf4 18. Nh4 Qf7 19. Bb2 Raf8 20. Bxh8 Rxh8
21. Rad1 Rf8 22. Kh1 h6 23. f3 Qh5 24. Nxd6 1-0

[Event "2nd Indonesia Open Chess Ch. 2012"]
[Site "Grand SahidJaya Hotel, Jakarta"]
[Date "2012.10.13"]
[Round "4.27"]
[White "Margana, Adhy"]
[Black "Irwanto, Sadikin"]
[Result "0-1"]
[WhiteElo "2221"]
[BlackElo "2412"]
[PlyCount "72"]
[EventDate "2012.10.11"]

1. e4 e5 2. Nf3 Nc6 3. Bc4 Nf6 4. Ng5 d5 5. exd5 Na5 6. Bb5+ Bd7 7. Qe2 Be7 8.
Nc3 O-O 9. Bxd7 Qxd7 10. O-O Nxd5 11. Qxe5 c6 12. Nxd5 cxd5 13. Nf3 Nc6 14. Qe2
Bf6 15. d3 Rfe8 16. Qd1 Qf5 17. d4 Nb4 18. c3 Nc2 19. Be3 Nxa1 20. Qxa1 h6 21.
Qd1 Re6 22. h3 Rae8 23. Qb1 Qxb1 24. Rxb1 Bg5 25. Nxg5 hxg5 26. Kf1 f6 27. Rd1
Kf7 28. Ke2 f5 29. Kd3 f4 30. Bd2 Re2 31. Rf1 Kg6 32. b3 b5 33. a3 a6 34. h4
gxh4 35. Rh1 Rxf2 36. Rxh4 Kf5 0-1

[Event "2nd Indonesia Open Chess Ch. 2012"]
[Site "Grand SahidJaya Hotel, Jakarta"]
[Date "2012.10.13"]
[Round "4.28"]
[White "Wahono, Awam"]
[Black "Fahmi, Jauhari"]
[Result "1-0"]
[WhiteElo "2389"]
[BlackElo "2184"]
[PlyCount "46"]
[EventDate "2012.10.11"]

1. Nf3 g6 2. d4 Nf6 3. Bf4 Bg7 4. h3 O-O 5. e3 d6 6. Be2 c5 7. c3 cxd4 8. exd4
Qb6 9. Qb3 Qc7 10. O-O Nc6 11. Na3 a6 12. Qd1 b5 13. Nc2 Bb7 14. a4 Qb6 15. Ne3
Rfe8 16. d5 Nb8 17. axb5 axb5 18. Rxa8 Bxa8 19. Qb3 Nbd7 20. Ra1 Rb8 21. Qxb5
Qxb5 22. Bxb5 Rxb5 23. Rxa8+ Bf8 1-0

[Event "2nd Indonesia Open Chess Ch. 2012"]
[Site "Grand SahidJaya Hotel, Jakarta"]
[Date "2012.10.13"]
[Round "4.29"]
[White "Ardiansyah, H."]
[Black "Eshbaev, Avazbek"]
[Result "1-0"]
[WhiteElo "2371"]
[BlackElo "2156"]
[PlyCount "114"]
[EventDate "2012.10.11"]

1. d4 e6 2. c4 b6 3. a3 d5 4. cxd5 Qxd5 5. Nc3 Qd8 6. e4 Nf6 7. Nf3 Be7 8. Bd3
c5 9. dxc5 Bxc5 10. Qe2 Nfd7 11. b4 Be7 12. Bf4 e5 13. Bg3 a5 14. Rb1 axb4 15.
axb4 Nc6 16. Nd5 f6 17. O-O O-O 18. Bb5 Na7 19. Nxe7+ Qxe7 20. Bc4+ Rf7 21. Bd5
Rb8 22. Ra1 Nf8 23. Nd4 Rb7 24. Rxa7 exd4 25. Bxf7+ Kxf7 26. Qh5+ g6 27. Qd5+
Ne6 28. Ra8 Rd7 29. Rxc8 Rxd5 30. exd5 Nf8 31. Rc7 Nd7 32. h4 d3 33. d6 Qe6 34.
Rd1 Qf5 35. Rc3 g5 36. Rcxd3 Kg6 37. Rd4 Qc2 38. Re1 Qc3 39. Rde4 h5 40. Re7
gxh4 41. Bxh4 Qxb4 42. Bg3 b5 43. R1e4 Qb1+ 44. Kh2 Qc2 45. Re3 Qc6 46. Bf4 h4
47. Rh3 b4 48. Rxh4 Kf5 49. Bg3 b3 50. Rb4 Qc1 51. Rxd7 b2 52. Rdb7 Qh6+ 53.
Rh4 Qc1 54. d7 Qd1 55. Rf4+ Kg6 56. Rxf6+ Kg5 57. Rb5+ Kxf6 1-0

[Event "2nd Indonesia Open Chess Ch. 2012"]
[Site "Grand SahidJaya Hotel, Jakarta"]
[Date "2012.10.13"]
[Round "4.30"]
[White "Supriyono, Eko"]
[Black "Sitanggang, Salor"]
[Result "0-1"]
[WhiteElo "2253"]
[BlackElo "2367"]
[PlyCount "82"]
[EventDate "2012.10.11"]

1. d4 Nf6 2. Nf3 g6 3. Bf4 Bg7 4. e3 d6 5. h3 c5 6. c3 b6 7. Nbd2 Bb7 8. a4 Nd5
9. Bh2 cxd4 10. exd4 O-O 11. Bc4 Nd7 12. O-O N7f6 13. Re1 Bh6 14. Qb3 Nf4 15.
a5 Nxg2 16. a6 Bxf3 17. Nxf3 Nxe1 18. Rxe1 Nh5 19. d5 Bg7 20. Bb5 Rc8 21. c4
Rc7 22. Kg2 Qc8 23. Qc2 Bf6 24. b4 Ng7 25. Re4 Rd8 26. Qd2 Qf5 27. Qe3 e5 28.
Bc6 Qc8 29. b5 Nf5 30. Qd2 Bg7 31. Bg3 h6 32. Re1 Rf8 33. Rb1 e4 34. Ng1 Re7
35. Re1 Nxg3 36. fxg3 f5 37. Ne2 g5 38. Rf1 Qd8 39. Qe3 Ref7 40. Kh1 Qe7 41.
Bb7 Qe5 0-1

[Event "2nd Indonesia Open Chess Ch. 2012"]
[Site "Grand SahidJaya Hotel, Jakarta"]
[Date "2012.10.13"]
[Round "4.31"]
[White "Halay, Taufik"]
[Black "Hidayat, Arifin"]
[Result "1-0"]
[WhiteElo "2366"]
[BlackElo "2141"]
[PlyCount "85"]
[EventDate "2012.10.11"]

1. d4 d6 2. Nf3 Bg4 3. g3 Nf6 4. Bg2 c6 5. c4 Nbd7 6. Nc3 e5 7. h3 Be6 8. d5
cxd5 9. cxd5 Bf5 10. Nh4 Bg6 11. O-O Nh5 12. e4 Be7 13. Nf5 O-O 14. Be3 a6 15.
a4 b6 16. g4 Nf4 17. Nxe7+ Qxe7 18. Bxf4 exf4 19. f3 Qe5 20. Qd2 Nc5 21. Ra3 h5
22. b4 Nd7 23. Ne2 hxg4 24. hxg4 a5 25. b5 Rfc8 26. Nxf4 Qg5 27. Rd1 Ne5 28.
Bf1 Rc7 29. Ng2 Qxd2 30. Rxd2 Rc1 31. Kf2 Rac8 32. Be2 f6 33. Ne3 Nf7 34. Raa2
Ng5 35. Rdc2 R8xc2 36. Rxc2 Rxc2 37. Nxc2 Kf8 38. Ne3 Ke7 39. Nc4 Bxe4 40. fxe4
Nxe4+ 41. Ke3 Nc3 42. Nxb6 Kd8 43. Kd3 1-0

[Event "2nd Indonesia Open Chess Ch. 2012"]
[Site "Grand SahidJaya Hotel, Jakarta"]
[Date "2012.10.13"]
[Round "4.32"]
[White "Bersamina, Paulo"]
[Black "Sukandar, Irine Kharisma"]
[Result "0-1"]
[WhiteElo "2205"]
[BlackElo "2362"]
[PlyCount "66"]
[EventDate "2012.10.11"]

1. e4 c5 2. Nc3 Nc6 3. Nf3 g6 4. d4 cxd4 5. Nxd4 Bg7 6. Be3 Nf6 7. Nxc6 bxc6 8.
e5 Ng8 9. f4 f6 10. f5 fxe5 11. fxg6 d5 12. gxh7 Nf6 13. Bg5 Qb6 14. Bxf6 Bxf6
15. Qh5+ Kd8 16. O-O-O Rb8 17. Bb5 d4 18. Rhe1 Bd7 19. Rxe5 Rxh7 20. Qxh7 Bxe5
21. Qe4 Bf6 22. a4 cxb5 23. Nd5 Bc6 24. Rf1 Bxd5 25. Qxd5+ Kc7 26. a5 Qd6 27.
Qh5 a6 28. Rf5 Kb7 29. Rd5 Qe6 30. Kd1 Rc8 31. Qf3 Ka7 32. g4 Qc6 33. Qb3 e6
0-1

[Event "2nd Indonesia Open Chess Ch. 2012"]
[Site "Grand SahidJaya Hotel, Jakarta"]
[Date "2012.10.13"]
[Round "4.33"]
[White "Milliet, Sophie"]
[Black "Azarya, Jodi Setyaki"]
[Result "1/2-1/2"]
[WhiteElo "2421"]
[BlackElo "2005"]
[PlyCount "96"]
[EventDate "2012.10.11"]

1. e4 c5 2. Nf3 g6 3. d4 cxd4 4. Nxd4 Nc6 5. Nc3 Bg7 6. Be3 Nf6 7. Bc4 Qa5 8.
O-O O-O 9. Bb3 d6 10. h3 Bd7 11. Nf3 Rfd8 12. Re1 Ne5 13. Nxe5 dxe5 14. Qe2 Bc6
15. Rad1 e6 16. Bg5 Rd4 17. Qf3 Nd7 18. Be3 Rxd1 19. Rxd1 Nc5 20. Qe2 Nxb3 21.
axb3 b5 22. Qd3 b4 23. Na4 Rc8 24. f3 Bf8 25. Ra1 Bb5 26. Qd2 Rd8 27. Qe1 Qc7
28. Qf2 Rd6 29. Bxa7 Bxa4 30. bxa4 Rc6 31. Rc1 b3 32. c3 Ra6 33. Be3 Rxa4 34.
Rd1 f5 35. Bb6 Qc6 36. Rd8 Kg7 37. Kh2 Ra6 38. Be3 f4 39. Bd2 Bc5 40. Qf1 Bb6
41. Rd3 Ra2 42. c4 Bd4 43. Rxb3 Qa4 44. Rb7+ Kg8 45. Rb8+ Kg7 46. Rb7+ Kg8 47.
Rb8+ Kg7 48. Rb7+ Kg8 1/2-1/2

[Event "2nd Indonesia Open Chess Ch. 2012"]
[Site "Grand SahidJaya Hotel, Jakarta"]
[Date "2012.10.13"]
[Round "4.34"]
[White "Mahmud, Syarif"]
[Black "Gordon, Stephen J"]
[Result "1-0"]
[WhiteElo "2291"]
[BlackElo "2556"]
[PlyCount "53"]
[EventDate "2012.10.11"]

1. d4 Nf6 2. c4 e6 3. Nf3 d5 4. Nc3 Bb4 5. cxd5 exd5 6. Bg5 Nbd7 7. e3 c5 8.
Qc2 Qa5 9. Bd3 c4 10. Bf5 O-O 11. O-O Re8 12. Nd2 g6 13. Bh3 Kg7 14. Rae1 Nb6
15. Bxc8 Raxc8 16. f4 Nbd7 17. f5 Bxc3 18. bxc3 Ne4 19. Nxe4 dxe4 20. d5 f6 21.
fxg6 hxg6 22. Bh4 Rc5 23. Rf4 f5 24. g4 Rxd5 25. Qg2 Nf6 26. gxf5 Rxf5 27. Rxf5
1-0

[Event "2nd Indonesia Open Chess Ch. 2012"]
[Site "Grand SahidJaya Hotel, Jakarta"]
[Date "2012.10.13"]
[Round "4.35"]
[White "Barus, Cerdas"]
[Black "Surya, Wahyudi"]
[Result "1-0"]
[WhiteElo "2400"]
[BlackElo "2293"]
[PlyCount "83"]
[EventDate "2012.10.11"]

1. d4 Nf6 2. c4 e6 3. Nf3 b6 4. Bg5 Bb7 5. Nc3 Bb4 6. Qc2 h6 7. Bh4 O-O 8. e3
c5 9. a3 Bxc3+ 10. Qxc3 g5 11. Bg3 Ne4 12. Qc2 f5 13. dxc5 bxc5 14. O-O-O Nc6
15. Bd3 d5 16. Ne5 Qe8 17. Nxc6 Bxc6 18. f3 Nf6 19. h4 g4 20. Rhe1 Rf7 21. cxd5
Bxd5 22. e4 fxe4 23. fxe4 Bc6 24. Bc4 Nh5 25. Be5 Ba4 26. b3 Bb5 27. Rd6 Bxc4
28. Qxc4 Re7 29. Red1 Qg6 30. Rc6 Rae8 31. Rdd6 g3 32. Kb2 Qg4 33. a4 Kf7 34.
Rxc5 Qxh4 35. Rd1 Kg6 36. Rf1 Qg4 37. Ka3 Rd7 38. Rc7 Rde7 39. Rf3 Qg5 40. Bd6
Rg7 41. Rxg7+ Kxg7 42. Qc7+ 1-0

[Event "2nd Indonesia Open Chess Ch. 2012"]
[Site "Grand SahidJaya Hotel, Jakarta"]
[Date "2012.10.13"]
[Round "4.36"]
[White "Purnama, Tirta Chandra"]
[Black "Sonjaya, Deni"]
[Result "1-0"]
[WhiteElo "2384"]
[BlackElo "2284"]
[PlyCount "86"]
[EventDate "2012.10.11"]

1. d4 f5 2. g3 Nf6 3. Bg2 g6 4. c4 Bg7 5. Nc3 O-O 6. Nh3 d6 7. d5 c6 8. O-O e5
9. dxe6 Bxe6 10. Qb3 Qe7 11. Ng5 Bf7 12. Bf4 Rd8 13. Rad1 Ne8 14. e4 Na6 15.
Rfe1 Nc5 16. Qc2 fxe4 17. Ncxe4 Nxe4 18. Bxe4 Qf8 19. h4 Nf6 20. Bf3 Rd7 21.
Kg2 Rad8 22. Re2 d5 23. c5 d4 24. Bd6 Rxd6 25. cxd6 Qxd6 26. Nxf7 Kxf7 27. Qb3+
Kf8 28. Qxb7 c5 29. Qb5 Nd7 30. Rc2 Bf6 31. b4 cxb4 32. Rc6 Qe7 33. Rc7 Qd6 34.
Rc6 Qe7 35. Rc7 Qd6 36. Rxa7 h6 37. Be4 Ne5 38. Rb7 Be7 39. Rb6 Qc7 40. Bxg6 d3
41. Be4 d2 42. Rxh6 Nf7 43. Qf5 Qc5 1-0

[Event "2nd Indonesia Open Chess Ch. 2012"]
[Site "Grand SahidJaya Hotel, Jakarta"]
[Date "2012.10.13"]
[Round "4.37"]
[White "Bai, Jinshi"]
[Black "Prayitno, Sugeng"]
[Result "1-0"]
[WhiteElo "2252"]
[BlackElo "2351"]
[PlyCount "109"]
[EventDate "2012.10.11"]

1. d4 d6 2. c4 g6 3. Nc3 Bg7 4. Nf3 Nf6 5. g3 O-O 6. Bg2 Nc6 7. O-O e5 8. d5
Ne7 9. e4 Ne8 10. Ne1 f5 11. Nd3 Nf6 12. Bg5 fxe4 13. Nxe4 Nf5 14. g4 Ne7 15.
Bxf6 Bxf6 16. f4 exf4 17. Nxf6+ Rxf6 18. Nxf4 Qf8 19. Qd4 Qg7 20. g5 Rf7 21.
Qxg7+ Kxg7 22. Rae1 Rb8 23. Be4 Bd7 24. Ne6+ Bxe6 25. dxe6 Rff8 26. Rxf8 Rxf8
27. Bxb7 Rf5 28. h4 h6 29. gxh6+ Kxh6 30. Kg2 Kg7 31. Bf3 Kf6 32. Bg4 Rf4 33.
Rf1 Rxf1 34. Kxf1 Ke5 35. Kf2 Kd4 36. b3 a5 37. Kf3 Ke5 38. Bh3 Nc6 39. Ke3 Kf6
40. Ke4 Nd8 41. Kd5 Ke7 42. a3 c6+ 43. Ke4 Kf6 44. b4 axb4 45. axb4 Nxe6 46.
Bxe6 Kxe6 47. Kf4 d5 48. cxd5+ cxd5 49. b5 Kd6 50. b6 Kc6 51. Ke5 Kxb6 52. Kxd5
Kc7 53. Ke6 Kd8 54. Kf7 Kd7 55. Kg7 1-0

[Event "2nd Indonesia Open Chess Ch. 2012"]
[Site "Grand SahidJaya Hotel, Jakarta"]
[Date "2012.10.13"]
[Round "4.38"]
[White "Pascua, Haridas"]
[Black "Sutarno"]
[Result "1-0"]
[WhiteElo "2350"]
[BlackElo "2252"]
[PlyCount "89"]
[EventDate "2012.10.11"]

1. d4 Nf6 2. c4 c5 3. d5 e6 4. Nc3 exd5 5. cxd5 d6 6. Nf3 g6 7. Nd2 Nbd7 8. g3
a6 9. a4 Rb8 10. e4 Ne5 11. h3 Qe7 12. Qc2 Nh5 13. Be2 Bg7 14. Bxh5 gxh5 15. f4
Ng6 16. Ne2 O-O 17. f5 Ne5 18. O-O b5 19. Nf4 h4 20. g4 c4 21. axb5 axb5 22.
Kh1 Bh6 23. f6 Qxf6 24. Nh5 Qe7 25. Nxc4 Bxc1 26. Nxe5 Qxe5 27. Raxc1 f6 28.
Rf4 Rb7 29. Rcf1 Rbf7 30. Qb3 Bd7 31. Qc3 Qxc3 32. bxc3 Rc8 33. Nxf6+ Kh8 34.
Nh5 Rxf4 35. Rxf4 Rg8 36. Rf6 Be8 37. Nf4 Bg6 38. Nxg6+ hxg6 39. Rxd6 Re8 40.
Re6 Rxe6 41. dxe6 Kg7 42. e5 Kf8 43. Kg2 Ke7 44. Kf3 Kxe6 45. Ke4 1-0

[Event "2nd Indonesia Open Chess Ch. 2012"]
[Site "Grand SahidJaya Hotel, Jakarta"]
[Date "2012.10.13"]
[Round "4.39"]
[White "Novita, Anjas"]
[Black "Muhammad, Luthfi Ali"]
[Result "1-0"]
[WhiteElo "2339"]
[BlackElo "2218"]
[PlyCount "101"]
[EventDate "2012.10.11"]

1. e4 c5 2. Nf3 d6 3. d4 cxd4 4. Nxd4 Nf6 5. Nc3 g6 6. Be3 Bg7 7. f3 O-O 8. Qd2
Nc6 9. Bc4 Bd7 10. O-O-O Rb8 11. Nxc6 bxc6 12. Bxa7 Rb4 13. Bb3 Qa5 14. Be3
Rfb8 15. a3 R4b7 16. Bd4 Be6 17. Nb1 Qa8 18. Bxe6 fxe6 19. b3 Nd7 20. Bxg7 Kxg7
21. Qc3+ e5 22. h4 Nc5 23. b4 Na4 24. Qe3 h6 25. f4 c5 26. fxe5 cxb4 27. exd6
bxa3 28. Nxa3 Qa5 29. Rd5 Qc3 30. Qd4+ Kh7 31. Qxc3 Nxc3 32. Rd3 Nxe4 33. dxe7
Nf2 34. Rd8 Rxe7 35. Rxb8 Nxh1 36. c4 Nf2 37. Rb3 Re4 38. Rc3 Rxh4 39. c5 Ne4
40. c6 Rh1+ 41. Kc2 Nxc3 42. c7 Ne2 43. Kd2 Nf4 44. c8=Q Nh5 45. Nc4 Rf1 46. g4
Ng7 47. Ne5 Rf6 48. Qd8 Re6 49. Nd7 Rd6+ 50. Ke2 Re6+ 51. Kf3 1-0

[Event "2nd Indonesia Open Chess Ch. 2012"]
[Site "Grand SahidJaya Hotel, Jakarta"]
[Date "2012.10.13"]
[Round "4.40"]
[White "Hamdani, Rudin"]
[Black "Pamungkas, Junaid"]
[Result "1/2-1/2"]
[WhiteElo "2328"]
[BlackElo "2221"]
[PlyCount "110"]
[EventDate "2012.10.11"]

1. d4 Nf6 2. c4 e6 3. Nf3 Bb4+ 4. Nbd2 O-O 5. a3 Bxd2+ 6. Qxd2 b6 7. g3 Bb7 8.
Bg2 d6 9. O-O Nbd7 10. b3 Qe7 11. Bb2 Be4 12. Rfd1 Rfd8 13. Rac1 h6 14. Qc3 a5
15. Bh3 c5 16. Nd2 Bb7 17. f3 d5 18. e3 Rac8 19. a4 dxc4 20. bxc4 cxd4 21. exd4
Nd5 22. Qb3 Nb4 23. Qe3 Qd6 24. Ne4 Bxe4 25. fxe4 Qc6 26. d5 exd5 27. cxd5 Qxa4
28. Rf1 Rxc1 29. Qxc1 Qc2 30. Qxc2 Nxc2 31. Rc1 Nb4 32. Bd4 Nd3 33. Rc6 N7e5
34. Bxb6 Rb8 35. Rc8+ Rxc8 36. Bxc8 a4 37. d6 a3 38. d7 Nxd7 39. Bxd7 a2 40.
Bd4 Nc5 41. Bc6 Nb3 42. Bc3 a1=Q+ 43. Bxa1 Nxa1 44. Ba4 Kf8 45. Kf2 Ke7 46. Ke3
Kd6 47. Kd4 f6 48. Bd1 Ke6 49. h4 h5 50. Ba4 Kd6 51. Bd1 g6 52. Kd3 Ke5 53. Ba4
g5 54. Be8 Nb3 55. hxg5 fxg5 1/2-1/2

[Event "2nd Indonesia Open Chess Ch. 2012"]
[Site "Grand SahidJaya Hotel, Jakarta"]
[Date "2012.10.13"]
[Round "4.41"]
[White "Medina, Warda Aulia"]
[Black "Panggabean, Hasian"]
[Result "1-0"]
[WhiteElo "2311"]
[BlackElo "2204"]
[PlyCount "51"]
[EventDate "2012.10.11"]

1. e4 e6 2. d4 d5 3. Nd2 dxe4 4. Nxe4 Nd7 5. Nf3 Ngf6 6. Nxf6+ Nxf6 7. Bd3 c5
8. O-O cxd4 9. Nxd4 Bc5 10. Nb3 Bb6 11. Bg5 Bd7 12. Qe2 Bc6 13. c4 Qe7 14. Rac1
Rd8 15. Bxf6 Qxf6 16. Be4 Bxe4 17. Qxe4 Rd7 18. c5 Bc7 19. c6 bxc6 20. Qxc6 Qe5
21. g3 Qd6 22. Qa8+ Rd8 23. Qxa7 Bb6 24. Qa4+ Qd7 25. Qa6 Qd6 26. Qb5+ 1-0

[Event "2nd Indonesia Open Chess Ch. 2012"]
[Site "Grand SahidJaya Hotel, Jakarta"]
[Date "2012.10.13"]
[Round "4.43"]
[White "Hukom, David"]
[Black "Khairul, Anam"]
[Result "0-1"]
[WhiteElo "2100"]
[BlackElo "2308"]
[PlyCount "72"]
[EventDate "2012.10.11"]

1. e4 g6 2. d4 Bg7 3. Nf3 c6 4. c4 d6 5. Nc3 Nf6 6. h3 O-O 7. Be2 Nbd7 8. e5
Ne8 9. Bf4 dxe5 10. dxe5 Nc7 11. Qd2 Ne6 12. Bh6 Nxe5 13. Nxe5 Qxd2+ 14. Bxd2
Bxe5 15. O-O Rd8 16. Be3 Nf4 17. Bf3 Be6 18. c5 Nd3 19. Na4 Nb4 20. Bh6 Nc2 21.
Rac1 Nd4 22. Bd1 Nf5 23. Re1 Bc7 24. Bg5 h6 25. Be3 Nxe3 26. fxe3 Rd2 27. a3
Rad8 28. Rb1 Bg3 29. Rf1 Bc4 30. Bf3 Bxf1 31. Rxf1 R8d3 32. e4 Re3 33. Nc3 Be5
34. Rb1 Bd4 35. Kh1 Bxc5 36. e5 Bd4 0-1

[Event "2nd Indonesia Open Chess Ch. 2012"]
[Site "Grand SahidJaya Hotel, Jakarta"]
[Date "2012.10.13"]
[Round "4.44"]
[White "Laksana, Agusta"]
[Black "Suyud, Hartoyo"]
[Result "1/2-1/2"]
[WhiteElo "2305"]
[BlackElo "2178"]
[PlyCount "62"]
[EventDate "2012.10.11"]

1. d4 d5 2. Nf3 c6 3. e3 Nf6 4. c4 Bf5 5. Nc3 e6 6. a3 Nbd7 7. Bd3 Bg6 8. O-O
Be7 9. Re1 O-O 10. h3 dxc4 11. Bxc4 c5 12. Bd3 a6 13. Bxg6 hxg6 14. e4 cxd4 15.
Nxd4 Ne5 16. Nf3 Qxd1 17. Rxd1 Nxf3+ 18. gxf3 Rfd8 19. Be3 Rxd1+ 20. Rxd1 Rd8
21. Rxd8+ Bxd8 22. Kf1 Nd7 23. Ke2 Kf8 24. Na4 Be7 25. Nb6 Nxb6 26. Bxb6 Ke8
27. Kd3 Kd7 28. Bd4 f6 29. a4 Kc6 30. Kc4 e5 31. Be3 g5 1/2-1/2

[Event "2nd Indonesia Open Chess Ch. 2012"]
[Site "Grand SahidJaya Hotel, Jakarta"]
[Date "2012.10.13"]
[Round "4.45"]
[White "Dewi, Aa Citra"]
[Black "Lioe, Dede"]
[Result "0-1"]
[WhiteElo "2161"]
[BlackElo "2387"]
[PlyCount "48"]
[EventDate "2012.10.11"]

1. e4 c5 2. Nf3 d6 3. d4 cxd4 4. Nxd4 Nf6 5. f3 a6 6. c4 e6 7. Nc3 Be7 8. Be2
O-O 9. Be3 b6 10. f4 Bb7 11. Bf3 Qc7 12. Rc1 Nbd7 13. O-O Rac8 14. Re1 Qb8 15.
Qe2 Rc7 16. g4 Rfc8 17. g5 Ne8 18. Nb1 Qa8 19. Bd2 g6 20. Bg2 Ng7 21. Rc3 e5
22. fxe5 dxe5 23. Nf3 Ne6 24. Na3 b5 0-1